[Event "HUN-chT2 Toth 0910"]
[Site "Hungary"]
[Date "2010.05.02"]
[Round "11.2"]
[White "Lovass, Imre"]
[Black "Sakic, Lorand"]
[Result "1-0"]
[WhiteElo "2255"]
[BlackElo "2203"]
[PlyCount "137"]
[EventDate "2009.11.08"]
[EventType "team-tourn"]
[EventRounds "11"]
[EventCountry "HUN"]
[SourceTitle "EXT 2011"]
[Source "ChessBase"]
[SourceDate "2010.11.26"]
[SourceVersion "1"]
[SourceVersionDate "2010.11.26"]
[SourceQuality "1"]
[WhiteTeam "Takisz"]
[BlackTeam "Szentes Spartacus"]
[WhiteTeamCountry "HUN"]
[BlackTeamCountry "HUN"]

1. d4 d5 2. c4 c6 3. Nf3 Nf6 4. Nc3 dxc4 5. a4 Bf5 6. e3 e6 7. Bxc4 Nbd7 8. 0-0 Be7 9. Qe2 Ne4 10. Nxe4 Bxe4 11. Nd2 Bg6 12. a5 0-0 13. Rd1 Qc7 14. e4 c5 15. d5 exd5 16. Bxd5 Nf6 17. Nc4 Rad8 18. h3 Bxe4 19. Bxe4 Rxd1+ 20. Qxd1 Nxe4 21. Qf3 Ng5 22. Bxg5 Bxg5 23. Rd1 Bf6 24. Rd5 Re8 25. g3 b5 26. axb6 axb6 27. Nd6 Rd8 28. Nb5 Qe7 29. b3 g6 30. Kg2 Kg7 31. Rxd8 Qxd8 32. Qc6 Bd4 33. Nd6 Qe7 34. Ne4 Qe6 35. Qxe6 fxe6 36. Kf3 b5 37. Nd6 c4 38. bxc4 b4 39. Ne4 b3 40. Nd2 b2 41. Ke2 h5 42. f3 Kf6 43. Kd3 e5 44. Kc2 Ba7 45. Ne4+ Ke6 46. Kxb2 Kf5 47. c5 h4 48. c6 Bb6 49. gxh4 Kf4 50. Ng5 Kg3 51. Kc2 Kxh4 52. Ne4 Kxh3 53. Kd3 Bd8 54. Ng5+ Kg3 55. Ke4 Bc7 56. Ne6 Bb8 57. Ng5 Bc7 58. Nf7 Bb8 59. Nxe5 g5 60. Nd7 Bc7 61. Nf6 Bd6 62. Nd5 g4 63. f4 Kf2 64. f5 g3 65. Ne3 Bc5 66. c7 Bxe3 67. c8Q Bg5 68. Qc2+ Kf1 69. Kf3 1-0

[Event "HUN-chT2 Toth 0910"]
[Site "Hungary"]
[Date "2010.02.28"]
[Round "7.2"]
[White "Sakic, Lorand"]
[Black "Blazsik, Zoltan"]
[Result "0-1"]
[WhiteElo "2003"]
[BlackElo "2032"]
[PlyCount "100"]
[EventDate "2009.11.08"]
[EventType "team-tourn"]
[EventRounds "11"]
[EventCountry "HUN"]
[SourceTitle "EXT 2011"]
[Source "ChessBase"]
[SourceDate "2010.11.26"]
[SourceVersion "1"]
[SourceVersionDate "2010.11.26"]
[SourceQuality "1"]
[WhiteTeam "Szentes Spartacus"]
[BlackTeam "Maroczy II"]
[WhiteTeamCountry "HUN"]
[BlackTeamCountry "HUN"]

1. e4 e6 2. d4 d5 3. Nc3 Bb4 4. a3 Bxc3+ 5. bxc3 dxe4 6. Qg4 Nf6 7. Qxg7 Rg8 8. Qh6 Rg6 9. Qd2 b6 10. Ne2 Bb7 11. Nf4 Rg8 12. Bb5+ Nbd7 13. 0-0 a6 14. Bc4 b5 15. Bb3 Nd5 16. Bxd5 exd5 17. a4 c6 18. Qe2 Qb6 19. f3 0-0-0 20. fxe4 dxe4 21. axb5 cxb5 22. Be3 Qc6 23. Qe1 Nb6 24. Ne2 Nc4 25. Nc1 Qg6 26. Rf2 f5 27. g3 h5 28. Rf4 Rh8 29. Rh4 Qf6 30. Nb3 Rdg8 31. Kf1 Rg4 32. Rxg4 hxg4 33. Bg1 e3 34. Nc5 Qc6 35. Qe2 Nd2+ 36. Ke1 Nf3+ 37. Kd1 Nxg1 38. Qxe3 Qf3+ 39. Qxf3 Nxf3 40. Nxa6 Rxh2 41. Ra5 Be4 42. Nb4 Rd2+ 43. Kc1 Rg2 44. Rxb5 Rxg3 45. Rb6 Rg1+ 46. Kb2 g3 47. Rf6 g2 48. Rf8+ Kd7 49. Na6 Re1 50. Nc5+ Ke7 0-1

[Event "HUN-chT2 Toth 0910"]
[Site "Hungary"]
[Date "2010.02.14"]
[Round "6.2"]
[White "Balvanyos, Istvan"]
[Black "Sakic, Lorand"]
[Result "1-0"]
[WhiteElo "2169"]
[BlackElo "2003"]
[PlyCount "55"]
[EventDate "2009.11.08"]
[EventType "team-tourn"]
[EventRounds "11"]
[EventCountry "HUN"]
[SourceTitle "EXT 2011"]
[Source "ChessBase"]
[SourceDate "2010.11.26"]
[SourceVersion "1"]
[SourceVersionDate "2010.11.26"]
[SourceQuality "1"]
[WhiteTeam "Abony"]
[BlackTeam "Szentes Spartacus"]
[WhiteTeamCountry "HUN"]
[BlackTeamCountry "HUN"]

1. e4 c5 2. b4 cxb4 3. a3 d5 4. exd5 Qxd5 5. Bb2 Nc6 6. Nf3 Nf6 7. axb4 Qe4+ 8. Be2 Nxb4 9. Na3 Bd7 10. 0-0 e6 11. Ne5 Nc6 12. Bf3 Qb4 13. Bc3 Qc5 14. Nxd7 Nxd7 15. Qe2 Nf6 16. Nb5 Rc8 17. Bxc6+ bxc6 18. Nxa7 Rc7 19. Ra5 Qb6 20. Ra6 Qc5 21. Rfa1 Bd6 22. R1a5 Rb7 23. g3 Rxa7 24. Rxc5 Bxc5 25. Rxa7 Bxa7 26. Qa6 Bxf2+ 27. Kxf2 0-0 28. Bxf6 1-0

[Event "Senta January op"]
[Site "Senta"]
[Date "2010.02.05"]
[Round "7"]
[White "Vranic, Ljubomir"]
[Black "Sakic, Lorand"]
[Result "1-0"]
[WhiteElo "2158"]
[BlackElo "1987"]
[PlyCount "95"]
[EventDate "2010.01.22"]
[EventType "swiss"]
[EventRounds "9"]
[EventCountry "YUG"]
[SourceTitle "EXT 2011"]
[Source "ChessBase"]
[SourceDate "2010.11.26"]
[SourceVersion "1"]
[SourceVersionDate "2010.11.26"]
[SourceQuality "1"]

1. d4 Nf6 2. c4 e6 3. Nf3 Bb4+ 4. Bd2 Qe7 5. Nc3 b6 6. g3 Bb7 7. Bg2 0-0 8. Qc1 d6 9. a3 Bxc3 10. Bxc3 Nbd7 11. b4 c5 12. Qb2 Rac8 13. Rc1 Ne4 14. dxc5 Nxc3 15. cxd6 Qxd6 16. Qxc3 Ne5 17. Qxe5 Qxe5 18. Nxe5 Bxg2 19. Rg1 Bb7 20. Nd3 Rfd8 21. Kd2 Kf8 22. Ke3 Ke7 23. Rc3 f6 24. f4 Rc7 25. Rgc1 Rdc8 26. c5 bxc5 27. Rxc5 Rxc5 28. Rxc5 Rxc5 29. Nxc5 Bd5 30. Kd4 Kd6 31. Ne4+ Kc6 32. Nc3 Bb3 33. e4 Kb6 34. b5 h6 35. h4 Bc2 36. Kc4 Kc7 37. Kc5 Bd3 38. a4 Bc2 39. a5 Bd3 40. b6+ axb6+ 41. axb6+ Kb7 42. e5 fxe5 43. fxe5 g5 44. hxg5 hxg5 45. Nb5 Be2 46. Nd6+ Kb8 47. Ne4 g4 48. Ng5 1-0